000 01293nam2a2200301 4500
001 RU\NLR\bibl\530025
005 20250609151105.0
010 _a5-89004-085-5
_93000
021 _aRU
_b2004-31546
_91587
035 _a(NLR Aleph) 000522352
090 _a1301204
_c1301204
100 _a20040616d2004 |||y0rusy50 ca
101 0 _arus
102 _aRU
105 _aa |||||||||
200 1 _aБотаника
210 _d2004
_aБ. м.
215 _a253 с.
_cил.
320 _aБиблиогр.: с. 253 (6 назв.)
461 0 _1001RU\NLR\bibl\545605
_12001#$aБиология$vЧ. 1
_91393897
_aБабаскин, В. С.
_cМ.
_d2004
_fВ.С. Бабаскин, Е.И. Барабанов, Л.И. Бабаскина
_nГОУ ВУНМЦ
_oУчеб. пособие для поступающих в мед. и фармац. вузы
_tБиология
_vЧ. 1
606 0 _aБотаника
_jРуководства, пособия и т.п.
_91200436
_3RU\NLR\auth\66167725
606 0 _aБотаника
_jУчебные издания для поступающих в высшие учебные заведения
_91200436
_3RU\NLR\auth\66167725
686 _aЕ5я729
801 0 _aRU
_bNLR
_c20040616
_gPSBO
801 1 _aRU
_bNLR
_c20040616
942 _cBOOK
980 _aNB